Geography Quiz

Random Geography or City Quiz

City Quiz: New York City Stats

Quiz not verified by Sporcle

Challenge
Share
Tweet
Embed
Score 0/30 Timer 05:00
0 Plays Today
hint answer % Correct
StateNew York
98.7%
CountyNew York
96.1%
Baseball TeamYankees
86.3%
flag colorBlue
84.3%
flag colorWhite
83.6%
Bordering OceanAtlantic Ocean
83.4%
Bordering RiverHudson River
81.2%
Baseball TeamMets
79.9%
Tallest buildingEmpire State Building
79.3%
Basketball teamKnicks
78.4%
Original nameNew Amsterdam
74.9%
Settled by...Dutch
70.7%
MayorMichael Bloomberg
68.8%
Hockey TeamRangers
68.3%
Central SquareTimes Square
66.8%
hint answer % Correct
CountyQueens
66.1%
CountyBronx
64.8%
flag colorOrange
64.4%
Bordering RiverEast river
61.8%
located on which islandLong Island
60.7%
CountyKings
50.4%
area code212
49.8%
DemonymNew Yorker
48%
President born hereTheodore Roosevelt
39.3%
CountyRichmond
32.5%
area code718
27.9%
area code917
26.4%
area code646
24.2%
area code347
16.8%
Settled1624
16.4%

You're not logged in!

Compare scores with friends on all Sporcle quizzes.
Sign Up with Email
OR
Log In

You Might Also Like...

Show Comments

Extras

Top Quizzes Today


Score Distribution

Your Account Isn't Verified!

In order to create a playlist on Sporcle, you need to verify the email address you used during registration. Go to your Sporcle Settings to finish the process.

Report this User

Report this user for behavior that violates our Community Guidelines.

Details: